Norma unificada argentina de contabilidad (Registro nro. 7249)

Detalles MARC
000 -LEADER
fixed length control field 01440 a2200241 4500
001 - CONTROL NUMBER
control field 61175
005 - DATE AND TIME OF LATEST TRANSACTION
control field 20260407155902.0
008 - FIXED-LENGTH DATA ELEMENTS--GENERAL INFORMATION
fixed length control field 260407a2024 arg spa d
003 - CONTROL NUMBER IDENTIFIER
control field AR-UNSa-BCEJYS
040 ## - CATALOGING SOURCE
Original cataloging agency AR-UNSa-BCEJYS
Language of cataloging spa
Transcribing agency AR-UNSa-BCEJYS
080 ## - UNIVERSAL DECIMAL CLASSIFICATION NUMBER
Universal Decimal Classification number 657(083)
Common auxiliary subdivision Resoluciones Técnicas Contables. Informes
020 ## - INTERNATIONAL STANDARD BOOK NUMBER
International Standard Book Number 978-631-6500-58-8
041 ## - LANGUAGE CODE
Language code of text/sound track or separate title spa
100 1# - MAIN ENTRY--PERSONAL NAME
Personal name Petti, Ana María
245 10 - TITLE STATEMENT
Title Norma unificada argentina de contabilidad
Name of part/section of a work RT Nº 54 (T.O. RT Nº 56)
264 #1 - PRODUCTION, PUBLICATION, DISTRIBUTION, MANUFACTURE, AND COPYRIGHT NOTICE
Place of production, publication, distribution, manufacture Buenos Aires :
Name of producer, publisher, distributor, manufacturer Ediciones DyD
Date of production, publication, distribution, manufacture, or copyright notice 2024
300 ## - PHYSICAL DESCRIPTION
Extent 448 p.
Dimensions 23 cm.
505 ## - FORMATTED CONTENTS NOTE
Formatted contents note 1. Introducción - 2. Caja y bancos - 3. Inversiones financieras - 4. Créditos en moneda y en especie - 5. Bienes de cambio y costo de los bienes vendidos (o de los servicios prestados) - 6. Bienes de uso y depreciaciones - 7. Propiedades de inversión - 8. Activos intangibles (distintos de la llave de negocio) - 9. Activos no corrientes mantenidos para la venta - 10. Otras inversiones - 11. Pasivos ciertos (Deudas) - 12. Previsiones y pasivos contingentes - 13. Patrimonio neto - 14. Ajuste por inflación de los estados contables - 15. Normas generales de la RT 54: cambios en los requisitos normativos y normas de transición para su aplicación inicial
590 ## - LOCAL NOTE (RLIN)
Local note niveau_biblio:m niveau_hierar:0
700 1# - ADDED ENTRY--PERSONAL NAME
Personal name Suardi, Diana
856 41 - ELECTRONIC LOCATION AND ACCESS
Uniform Resource Identifier <a href="https://biblioeco.unsa.edu.ar/pmb/images/libros/L129323.jpg">https://biblioeco.unsa.edu.ar/pmb/images/libros/L129323.jpg</a>
Link text Imagen de portada
Electronic format type image/jpeg
942 ## - ADDED ENTRY ELEMENTS (KOHA)
Koha item type
Existencias
Withdrawn status Lost status Damaged status Not for loan Home library Current library Shelving location Date acquired Total checkouts Full call number Barcode Date last seen Price effective from Koha item type Public note
        Biblioteca Prof. Eusebio Cleto del Rey Biblioteca Prof. Eusebio Cleto del Rey   07/04/2026   657(083) P511 L129323 07/04/2026 07/04/2026 Libro  
        Biblioteca Prof. Eusebio Cleto del Rey Biblioteca Prof. Eusebio Cleto del Rey   07/04/2026   657(083) P511 L129324 07/04/2026 07/04/2026 Libro HOJAS DOBLADAS DESDE PAG. 419
        Biblioteca Prof. Eusebio Cleto del Rey Biblioteca Prof. Eusebio Cleto del Rey   07/04/2026   657(083) P511 L129325 07/04/2026 07/04/2026 Libro